|
|
|
|
| LEADER |
00000nam0a2200000 4500 |
| 001 |
681957 |
| 005 |
20250927144555.0 |
| 090 |
|
|
|a 681957
|
| 100 |
|
|
|a 20250927d1977 k||y0rusy50 ca
|
| 101 |
1 |
|
|a rus
|c eng
|
| 102 |
|
|
|a RU
|
| 105 |
|
|
|a y z 000yy
|
| 181 |
|
0 |
|a i
|b e
|
| 182 |
|
0 |
|a n
|
| 183 |
|
0 |
|a nc
|2 RDAcarrier
|
| 200 |
1 |
|
|a Современная прогрессивная философская и социологическая мысль в США
|e сборник переводов с английского
|f ред. В. В. Мшвениерадзе, А. Г. Мысливченко
|
| 203 |
|
|
|a Текст
|b визуальный
|c непосредственный
|
| 210 |
|
|
|a Москва
|c Прогресс
|d 1977
|
| 215 |
|
|
|a 422 с.
|
| 283 |
|
|
|a volume
|2 RDAcarrier
|
| 606 |
|
|
|a Американская философия
|x США
|9 52352
|
| 610 |
1 |
|
|a прогрессивная философская мысль
|
| 610 |
1 |
|
|a общественно-политическая мысль
|
| 610 |
1 |
|
|a развитие
|
| 610 |
1 |
|
|a общественно-исторический процесс
|
| 610 |
1 |
|
|a социологические аспекты
|
| 610 |
1 |
|
|a философско-методологические проблемы
|
| 610 |
1 |
|
|a буржуазная идеология
|
| 610 |
1 |
|
|a критика
|
| 686 |
|
|
|2 rubbk
|a Ю3(7США)
|
| 702 |
|
1 |
|4 340
|a Мшвениерадзе
|b В. В.
|
| 702 |
|
1 |
|4 340
|a Мысливченко
|b А. Г.
|
| 801 |
|
0 |
|a RU
|b 63413507
|c 20250927
|
| 830 |
|
|
|a Ретро2025Каталогизация Шило
|
| 850 |
|
|
|a 63413507
|
| 942 |
|
|
|c BK
|